Genelkurmay raporlarında Fethullah Gülen / (Kayıt no. 13043)

MARC ayrıntıları
000 -BAŞLIK
Sabit Uzunlukta Kontrol Alanı 00956nam a22002777a 4500
999 ## - SİSTEM KONTROL NUMARALARI (KOHA)
Koha Biblionumber 13043
Koha Biblioitemnumber 13043
003 - KONTROL NUMARASI IDENTIFIER
Denetim Alanı MIRAKIL
005 - SON İŞLEM TARİHİ VE ZAMANI
Denetim Alanı 20190325140141.0
008 - SABİT-BOY VERİ ELEMANLARI - GENEL BİLGİLER
Sabit Uzunlukta Kontrol Alanı 190325b tu ||||| |||| 00| 0 tur d
020 ## - ULUSLARARASI STANDART KİTAP NUMARASI
Uluslararası Standart Kitap Numarası 9789753436236
040 ## - KATALOGLAMA KAYNAK
Orijinal Kataloglama Ajansı TR-AnCHP
Metne Dönüştürmek Ajansı TR-AnCHP
041 ## - DİL KODU
Metin / Ses Parça Veya Ayrı Başlığın Dil Kodu tur
082 ## - DEWEY ONLU SINIFLANDIRMA NUMARASI
Sınıflandırma Numarası 320.9561
Ürün Numarası G35 2011
245 ## - BAŞLIK TABLOSU
Başlık Genelkurmay raporlarında Fethullah Gülen /
Sorumluluk Tablosu, Vb yayına hazırlayan: Nusret Senem.
260 ## - YAYIN, DAĞITIM, VB
Yayın, Dağıtım, Vb Yeri İstanbul :
Yayıncı, Dağıtıcı, Vs Adı Kaynak Yayınları ,
Yayın, Dağıtım, Vb Tarihi 2011.
300 ## - FİZİKSEL TANIM
Kapsam 278 s.
Boyutlar 19 sm.
440 ## - SERİSİ TABLOSU / KATMA GİRİŞİ - BAŞLIK
Başlık kaynak yayınları
Hacim / Ardışık Tanımı 603
490 ## - SERİSİ TABLOSU
Seri Beyanı Devletin Fethullah arşivi;
Hacim / Ardışık Tanımı 3.
504 ## - KAYNAKÇA VB NOT
Kaynakça Vb Notu Dizin vardır.
600 ## - KONU KATMA GİRİŞ - KURUMSAL ADI
Kişisel Ad Gülen, Fethullah
Genel Alt Bölümü Genel Kurmay raporlarında
650 ## - KONU KATMA GİRİŞ - TOPİKAL DÖNEM
Topikal Süreli Veya Coğrafi Ad Giriş Elemanı Gülen cemaati
Form Alt Bölümü 15 Temmuz 2016
Genel Alt Bölümü Darbe girişimi
650 ## - KONU KATMA GİRİŞ - TOPİKAL DÖNEM
Topikal Süreli Veya Coğrafi Ad Giriş Elemanı Fethullahçı Terör Örgütü (FETÖ)
Genel Alt Bölümü Darbe girişimi
Kronolojik Alt Bölümü 15 Temmuz 2016
651 ## - KONU KATMA GİRİŞ - COĞRAFİ ADI
Coğrafi İsim Türkiye
Genel Alt Bölümü Din ve politika
651 ## - KONU KATMA GİRİŞ - COĞRAFİ ADI
Coğrafi İsim Türkiye
Genel Alt Bölümü Siyaset ve yönetim
700 1# - KATMA GİRİŞ - KİŞİSEL İSİM
9 (RLIN) 2064
Kişisel Ad Senem, Nusret
Relator Terim yay. haz.
942 ## - EKLENDİ GİRİŞ ELEMANLARI (KOHA)
Koha Öğesi Türü Kitaplar
Sınıflandırma Veya Raf Düzeni Kaynak Dewey Decimal Classification
Mevcut
Kalıcı Konum Mevcut Konum Edinme Tarihi Toplam Check-Out'Lar Tam Çağrı Numarası Barkod Tarih Son Görülme İtibaren Geçerli Fiyatlar Koha Öğesi Türü
CHP Kütüphanesi CHP Kütüphanesi 03/25/2019   320.9561 G35 2011 019095 03/25/2019 03/25/2019 Kitaplar